Evaluation of the starter home initiative (Record no. 104592)
[ view plain ]
| 000 -LEADER | |
|---|---|
| fixed length control field | 01495cam a2200229 4500 |
| 001 - CONTROL NUMBER | |
| control field | L130884 |
| 008 - FIXED-LENGTH DATA ELEMENTS--GENERAL INFORMATION | |
| fixed length control field | 050912n2005 000 0 eng u |
| 035 ## - SYSTEM CONTROL NUMBER | |
| System control number | (Sirsi) u130884 |
| 041 0# - LANGUAGE CODE | |
| Language code of text/sound track or separate title | eng |
| 110 ## - MAIN ENTRY--CORPORATE NAME | |
| Corporate name or jurisdiction name as entry element | Office of the Deputy Prime Minister |
| 9 (RLIN) | 4685 |
| 245 ## - TITLE STATEMENT | |
| Title | Evaluation of the starter home initiative |
| Remainder of title | final report |
| 260 ## - PUBLICATION, DISTRIBUTION, ETC. | |
| Place of publication, distribution, etc. | London |
| Name of publisher, distributor, etc. | ODPM |
| Date of publication, distribution, etc. | 2005 |
| 520 ## - SUMMARY, ETC. | |
| Summary, etc. | This ODPM commissioned research assesses the effectiveness of the Starter Home Initiative (SHI). The research was designed to give interim results which would provide transferable lessons for future key worker housing provision from April 2004. SHI has been the vanguard of the government programme of delivering affordable housing to help address problems of the recruitment and retention of key workers and therefore supporting the delivery of key public services. The research covers the scheme manager experience, national and regional stakeholders and employers, value for money and targeting, the purchaser experience of the SHI and makes recommendations. |
| 590 ## - LOCAL NOTE (RLIN) | |
| Local note | IKA130905 |
| 650 ## - SUBJECT ADDED ENTRY--TOPICAL TERM | |
| Topical term or geographic name entry element | Affordable housing |
| 9 (RLIN) | 6215 |
| 690 ## - LOCAL SUBJECT ADDED ENTRY--TOPICAL TERM (OCLC, RLIN) | |
| Topical term or geographic name as entry element | PROPERTY-RESIDENTIAL PROPERTY-RESIDENTIAL PROPERTY DEVELOPMENT |
| 710 ## - ADDED ENTRY--CORPORATE NAME | |
| Corporate name or jurisdiction name as entry element | Three Dragons |
| 9 (RLIN) | 4680 |
| 710 ## - ADDED ENTRY--CORPORATE NAME | |
| Corporate name or jurisdiction name as entry element | Heriot Watt University |
| Subordinate unit | School of the Built Environment |
| 9 (RLIN) | 4760 |
| 710 ## - ADDED ENTRY--CORPORATE NAME | |
| Corporate name or jurisdiction name as entry element | MORI Social Research |
| 9 (RLIN) | 4761 |
| 856 ## - ELECTRONIC LOCATION AND ACCESS | |
| Uniform Resource Identifier | <a href="https://www.communities.gov.uk/archived/publications/housing/evaluation2">https://www.communities.gov.uk/archived/publications/housing/evaluation2</a> |
| Public note | View the final report free of charge at www.dclg.gov.uk... |
| 942 ## - ADDED ENTRY ELEMENTS (KOHA) | |
| Suppress in OPAC | 0 |
| Withdrawn status | Lost status | Source of classification or shelving scheme | Damaged status | Not for loan | Home library | Current library | Shelving location | Date acquired | Total Checkouts | Full call number | Barcode | Date last seen | Copy number | Price effective from | Koha item type |
|---|---|---|---|---|---|---|---|---|---|---|---|---|---|---|---|
| Dewey Decimal Classification | Virtual | Virtual | Online | 12/09/2005 | ONLINE PUBLICATION | 130884-2001 | 06/08/2019 | 1 | 06/08/2019 | Book |